000 01062 a2200301 4500
003 OSt
005 20180116192343.0
008 120531t xxu||||| |||| 00| 0 eng d
010 _a 2006297266
020 _a0670037737
020 _a9780143112013
035 _a(OCoLC)ocm70001712
040 _c0
082 0 4 _a823.92
100 1 _aHarris, Jane.
_92751
245 1 4 _aThe observations :
_ba novel /
_cJane Harris.
250 _a1st American ed.
260 _aNew York :
_bViking,
_c2006.
300 _a405 p. :
_c24 cm.
650 0 _aWomen household employees
_zScotland
_92752
650 0 _aIrish
_zScotland
_92753
651 0 _aScotland
_xSocial life and customs
_y19th century
_92754
655 7 _aHistorical fiction.
_92755
856 4 2 _3Contributor biographical information
_uhttp://www.loc.gov/catdir/enhancements/fy0719/2006297266-b.html
856 4 2 _3Publisher description
_uhttp://www.loc.gov/catdir/enhancements/fy0719/2006297266-d.html
942 _aSADA
_cBK
_k823.92 HAR 2006
_2ddc
999 _c352728
_d352728